| 000 | 00755cam a22002411 4500 | ||
|---|---|---|---|
| 001 | sa 66006263 | ||
| 003 | DLC | ||
| 005 | 20260227112255.0 | ||
| 008 | 910610s1965 ii c b 000 0 hino | ||
| 010 | _asa 66006263 | ||
| 035 | _a(OCoLC)23907629 | ||
| 040 |
_aDLC _cWaU _dDLC |
||
| 050 | 0 | 0 |
_aDS435.7.K3 _bS2 |
| 245 | 0 | 0 | _aSasṃskr̥ti ke parivrājaka. |
| 260 | _c[1965] | ||
| 300 |
_a400 p. _bports. _c26 cm. |
||
| 500 | _aIn Hindi. | ||
| 500 | _aSelections from the works of Dattatraya Balkrishna Kalelkar: p. 195-389. | ||
| 504 | _aList of works of Dattatraya Balkrishna Kalalkar: p. 391-400. | ||
| 600 | 1 | 0 |
_aKalelkar, Dattatraya Balakrishna, _d1885- |
| 700 | 1 |
_aKalelkar, Dattatraya Balakrishna, _d1885- |
|
| 700 | 0 |
_aShriman Narayan, _d1912- |
|
| 999 |
_c70422 _d70422 |
||